The salamandra glass / (Record no. 350196)

000 -LEADER
fixed length control field 00618pam a2200229 a 4500
001 - CONTROL NUMBER
control field 460967
003 - CONTROL NUMBER IDENTIFIER
control field OSt
005 - DATE AND TIME OF LATEST TRANSACTION
control field 20180116183009.0
008 - FIXED-LENGTH DATA ELEMENTS--GENERAL INFORMATION
fixed length control field 830406s1983 nyu 000 1 eng
010 ## - LIBRARY OF CONGRESS CONTROL NUMBER
LC control number 83008618
020 ## - INTERNATIONAL STANDARD BOOK NUMBER
International Standard Book Number 0312697384 :
Terms of availability $14.95
040 ## - CATALOGING SOURCE
Original cataloging agency DLC
Transcribing agency DLC
Modifying agency DLC
050 00 - LIBRARY OF CONGRESS CALL NUMBER
Classification number PS3563.Y49
Item number S2 1983
082 00 - DEWEY DECIMAL CLASSIFICATION NUMBER
Classification number 813/.54 MYK 1985
Edition number 19
100 1# - MAIN ENTRY--PERSONAL NAME
Personal name Mykel, A. W.
245 14 - TITLE STATEMENT
Title The salamandra glass /
Statement of responsibility, etc. A.W. Mykel.
250 ## - EDITION STATEMENT
Edition statement 1st ed.
260 ## - PUBLICATION, DISTRIBUTION, ETC.
Place of publication, distribution, etc. New York :
Name of publisher, distributor, etc. St. Martin's Press,
Date of publication, distribution, etc. c1983.
300 ## - PHYSICAL DESCRIPTION
Extent 483 p. ;
Dimensions 24 cm.
906 ## - LOCAL DATA ELEMENT F, LDF (RLIN)
a 7
b cbc
c orignew
d 1
e ocip
f 19
g y-gencatlg
942 ## - ADDED ENTRY ELEMENTS (KOHA)
Source of classification or shelving scheme
Koha item type Book
Holdings
Withdrawn status Lost status Source of classification or shelving scheme Damaged status Not for loan Collection code Permanent Location Current Location Shelving location Date acquired Total Checkouts Full call number Barcode Date last seen Price effective from Koha item type
            Central Library (CL) Central Library (CL) Fiction 08/31/2015   813/.54 MYK 1985 NBSD-2067 08/31/2015 08/31/2015 Book
© 2023 Central Library, National University of Sciences and Technology. All Rights Reserved.